Is partner violence worse in the context of control?

Gespeichert in:  
Bibliographische Detailangaben
1. VerfasserIn: Anderson, Kristin L. (Verfasst von)
Medienart: Elektronisch Aufsatz
Sprache:Englisch
Veröffentlicht: 2008
In: Journal of marriage and family
Jahr: 2008, Band: 70, Heft: 5, Seiten: 1157-1168
Online-Zugang: Volltext (kostenfrei)
Verfügbarkeit prüfen: HBZ Gateway

MARC

LEADER 00000caa a22000002c 4500
001 1912599163
003 DE-627
005 20250124055003.0
007 cr uuu---uuuuu
008 241217s2008 xx |||||o 00| ||eng c
024 7 |a 10.1111/j.1741-3737.2008.00557.x  |2 doi 
035 |a (DE-627)1912599163 
035 |a (DE-599)KXP1912599163 
040 |a DE-627  |b ger  |c DE-627  |e rda 
041 |a eng 
084 |a 2,1  |2 ssgn 
100 1 |a Anderson, Kristin L.  |e VerfasserIn  |0 (DE-588)1110072473  |0 (DE-627)864783299  |0 (DE-576)475717864  |4 aut 
109 |a Anderson, Kristin L. 
245 1 0 |a Is partner violence worse in the context of control? 
264 1 |c 2008 
336 |a Text  |b txt  |2 rdacontent 
337 |a Computermedien  |b c  |2 rdamedia 
338 |a Online-Ressource  |b cr  |2 rdacarrier 
773 0 8 |i Enthalten in  |t Journal of marriage and family  |d Menasha, Wis. : National Council on Family Relations, 1964  |g 70(2008), 5, Seite 1157-1168  |h Online-Ressource  |w (DE-627)341338990  |w (DE-600)2066605-6  |w (DE-576)103189637  |x 1741-3737  |7 nnas 
773 1 8 |g volume:70  |g year:2008  |g number:5  |g pages:1157-1168 
787 0 8 |i Forschungsdaten  |a Tjaden, Patricia  |t Violence and Threats of Violence Against Women and Men in the United States, 1994-1996  |d [Erscheinungsort nicht ermittelbar] : [Verlag nicht ermittelbar], 1999  |w (DE-627)1840060492 
856 |u https://onlinelibrary.wiley.com/doi/pdfdirect/10.1111/j.1741-3737.2008.00557.x  |x unpaywall  |z Vermutlich kostenfreier Zugang  |h publisher [open (via free pdf)] 
856 4 0 |u https://doi.org/10.1111/j.1741-3737.2008.00557.x  |x Resolving-System  |z kostenfrei  |3 Volltext  |7 0 
935 |a mkri 
951 |a AR 
ELC |a 1 
LOK |0 000 xxxxxcx a22 zn 4500 
LOK |0 001 4637564689 
LOK |0 003 DE-627 
LOK |0 004 1912599163 
LOK |0 005 20241217044627 
LOK |0 008 241217||||||||||||||||ger||||||| 
LOK |0 035   |a (DE-2619)ICPSR115554 
LOK |0 040   |a DE-2619  |c DE-627  |d DE-2619 
LOK |0 092   |o n 
LOK |0 852   |a DE-2619 
LOK |0 852 1  |9 00 
LOK |0 935   |a nacp 
LOK |0 939   |a 17-12-24  |b l01 
OAS |a 1 
ORI |a SA-MARC-krimdoka001.raw